000 00646nam0a22002291 4500
001 rc\788080
005 20040301143505.6
035 _a(NLR Aleph) 006313515
090 _a7376867
_c7376867
100 _a20040301d1984 u |0rusy50 ca
101 0 _arus
102 _aRU
105 _aa |||||||||
200 1 _aСлавяногорск
_eПутеводитель
210 _aДонецк
_cДонбас
_d1984
215 _a56 с., 8 л. ил.
_cил.
_d17
700 1 _aДедов
_bВ. Н.
_gВладимир Николаевич
801 0 _aRU
_bNLR
_gpsbo
801 1 _aRU
_bELAR
_2rusmarc
852 _aNLR
_j84-2/1845
942 _cBOOK
980 _aNB